000 00960nam a2200289 a 4500
001 42499
003 BD-RjUL
005 20211209053542.0
008 160613s1942 nyua b 001 0 eng
035 _a(BD-RjUL) 42617
035 _a(BD-RjUL)
035 _a(NNC)1635305
040 _aDLC
_cWSU
_dNRC
_dOCL
_dNNC
_dBD-RjUL
_beng
041 _aeng
082 _a324.273
_223
_bSCP 1942
100 1 _aSchattschneider, E. E.
_q(Elmer Eric),
_d1892-1971.
_9130716
245 1 0 _aParty government /
_cE. E. Schattschneider.
260 _aNew York :
_bHolt, Rinehart and Winston,
_cc1942
300 _axv, 219 p. :
_bill. ;
_c20 cm.
490 1 _aAmerican government in action series
500 _aIncludes index
504 _a"Selected bibliography": p. 211-214.
650 0 _aPolitical parties
_zUnited States.
_9125434
651 0 _aUnited States
_xPolitics and government.
_9130717
830 0 _aAmerican government in action series.
_9130719
942 _2ddc
_cBK
999 _c42499
_d42499